|
|
|
|
| LEADER |
00000nab a2200000 a 4500 |
| 001 |
vtls008886942 |
| 003 |
SK-MaSNL |
| 005 |
20260304145731.0 |
| 008 |
250505c2006 xo |||||||||||000 b|slo |
| 015 |
|
|
|a SNBRB2006/11
|2 snkbucl
|
| 035 |
|
|
|a (uuid)ea6ad61f-ac05-4ff1-8b99-39fb66dad4d2
|
| 035 |
|
|
|a urn:nbn:sk:snk-abyvp
|
| 035 |
|
|
|a (urnnbn)urn:nbn:sk:snk:ar-a04wis
|
| 038 |
|
|
|a SNKBUCL
|
| 040 |
|
|
|a SNKBUCL
|b slo
|c SNKBUCL
|e AACR2
|
| 041 |
0 |
|
|a cze
|
| 044 |
|
|
|a xo
|c SK
|
| 080 |
|
|
|a 523.42-13:629.785
|2 1997
|
| 080 |
|
|
|a 520.6.07
|2 1997
|
| 080 |
|
|
|a 629.785
|2 1997
|
| 100 |
1 |
|
|a Přibyl, Tomáš,
|d 1975-
|4 aut
|9 233267
|
| 245 |
1 |
0 |
|a Venus Express: první výsledky
|c Tomáš Přibyl
|
| 300 |
|
|
|b Fotogr.
|
| 610 |
2 |
7 |
|a Venus Express (kozmická sonda)
|2 snkbucl
|9 1075405
|
| 650 |
0 |
7 |
|a kozmické sondy
|2 snkbucl
|9 28924
|
| 650 |
0 |
7 |
|a kozmický výskum
|2 snkbucl
|9 28861
|
| 651 |
|
7 |
|a Venuša (planéta)
|2 snkbucl
|9 2407
|
| 773 |
0 |
|
|t Kozmos
|g Roč. XXXVII, č. 4 (2006), s. 8-9
|x 0323-049X
|
| 850 |
|
|
|a Slovenská národná knižnica
|
| 852 |
|
|
|a Slovenská národná knižnica
|
| 954 |
|
|
|a odborná, vedecká literatúra cudzojazyčná (svetová)
|2 lita
|
| 958 |
|
|
|a article27
|
| 958 |
|
|
|a OND
|
| 958 |
|
|
|a EUIPO
|
| 999 |
|
|
|c 2936645
|d 2938575
|